[Event "WchT Blitz Pool D"]
[Site "London"]
[Date "2025.06.14"]
[Round "11.5"]
[White "Cujba, Anca Claudia"]
[Black "Gaal, Zsoka"]
[Result "0-1"]
[WhiteElo "1741"]
[BlackElo "2391"]
[PlyCount "66"]
[EventDate "2025.06.14"]
[EventType "team-tourn"]
[EventRounds "13"]
[EventCountry "ENG"]
[SourceTitle "CB25_2025"]
[SourceDate "2025.06.18"]
[SourceVersion "1"]
[SourceVersionDate "2025.06.18"]
[SourceQuality "1"]
[WhiteTeam "Rey Ahogado"]
[BlackTeam "Team Hungary"]
[WhiteTeamCountry "ESP"]
[BlackTeamCountry "HUN"]

1. e4 c6 2. d3 d5 3. Nf3 g6 4. Bd2 Bg7 5. Bc3 d4 6. Bd2 c5 7. h3 Nc6 8. g3 e5 9. Bg2 Nge7 10. 0-0 0-0 11. Qe2 h6 12. Kh2 Be6 13. Ng1 f5 14. f4 Qd7 15. Nf3 fxe4 16. Qxe4 Bd5 17. Qe2 exf4 18. Bxf4 Rae8 19. Qd2 Nf5 20. Na3 Ne3 21. Bxe3 dxe3 22. Qe2 Bxb2 23. c4 Bxf3 24. Bxf3 Bxa1 25. Rxa1 Nd4 26. Bd5+ Qxd5 27. cxd5 Nxe2 28. Rb1 Rf2+ 29. Kh1 Nxg3+ 30. Kg1 Ref8 31. Rxb7 Ne2+ 32. Kh1 Rf1+ 33. Kh2 R8f2# 0-1

[Event "WchT Blitz Pool D"]
[Site "London"]
[Date "2025.06.14"]
[Round "4.5"]
[White "Gaal, Zsoka"]
[Black "Atlas, Dimitry"]
[Result "1-0"]
[WhiteElo "2391"]
[BlackElo "2107"]
[PlyCount "57"]
[EventDate "2025.06.14"]
[EventType "team-tourn"]
[EventRounds "13"]
[EventCountry "ENG"]
[SourceTitle "CB25_2025"]
[SourceDate "2025.06.18"]
[SourceVersion "1"]
[SourceVersionDate "2025.06.18"]
[SourceQuality "1"]
[WhiteTeam "Team Hungary"]
[BlackTeam "Perfect"]
[WhiteTeamCountry "HUN"]
[BlackTeamCountry "USA"]

1. d4 d5 2. c4 c6 3. cxd5 cxd5 4. Bf4 Nc6 5. e3 Bf5 6. Nc3 a6 7. Be2 e6 8. Nf3 Nf6 9. h3 Bd6 10. Bxd6 Qxd6 11. 0-0 h6 12. Qb3 b5 13. Rfc1 0-0 14. Qd1 Rfc8 15. a4 b4 16. Nb1 Na5 17. Nbd2 Ne4 18. Nxe4 Bxe4 19. Ne5 f6 20. Nd3 Nb7 21. Qd2 a5 22. Rc2 Qd7 23. Rac1 Rxc2 24. Qxc2 Nd6 25. Nc5 Qe7 26. Bd3 Rc8 27. b3 Bxd3 28. Qxd3 Ne4 29. Qa6 1-0

[Event "WchT Blitz Pool D"]
[Site "London"]
[Date "2025.06.14"]
[Round "1.5"]
[White "Gaal, Zsoka"]
[Black "Hng, Mei En Emmanuelle"]
[Result "0-1"]
[WhiteElo "2391"]
[BlackElo "2136"]
[PlyCount "112"]
[EventDate "2025.06.14"]
[EventType "team-tourn"]
[EventRounds "13"]
[EventCountry "ENG"]
[SourceTitle "CB25_2025"]
[SourceDate "2025.06.18"]
[SourceVersion "1"]
[SourceVersionDate "2025.06.18"]
[SourceQuality "1"]
[WhiteTeam "Team Hungary"]
[BlackTeam "English Knightmares"]
[WhiteTeamCountry "HUN"]
[BlackTeamCountry "ENG"]

1. Nf3 Nf6 2. g3 c5 3. c4 d5 4. cxd5 Nxd5 5. Nc3 Nc6 6. Bg2 e5 7. 0-0 Be7 8. Nxe5 Nxc3 9. Nxc6 bxc6 10. dxc3 Qb6 11. Qa4 Bb7 12. Rd1 Rd8 13. Rxd8+ Bxd8 14. Qe4+ Be7 15. Bf4 Qd8 16. Qa4 Qb6 17. Qe4 Qd8 18. a4 0-0 19. a5 Bf6 20. Qc4 Qd7 21. Qxc5 Re8 22. Bf3 Be7 23. Qc4 c5 24. Bxb7 Qxb7 25. Qa4 Rd8 26. Qc2 h6 27. Be5 Qd5 28. Bc7 Rc8 29. Bf4 Rd8 30. Ra4 Qc6 31. Re4 Bf6 32. Re3 Qb5 33. Rd3 Re8 34. c4 Qxa5 35. b3 Qa1+ 36. Kg2 Qe1 37. e3 Qb4 38. Qd2 Qb6 39. h4 a5 40. h5 Ra8 41. Qe2 Qb7+ 42. Qf3 Qa7 43. Qg4 Kh7 44. Qf5+ Kg8 45. Bxh6 Qb7+ 46. Kh2 Ra6 47. Bg5 Bxg5 48. Qxg5 Rh6 49. Rd8+ Kh7 50. Qf5+ g6 51. Qd7 Rxh5+ 52. Qh3 Rxh3+ 53. Kxh3 Qxb3 54. Rd7 Kg7 55. Ra7 a4 56. Ra5 Qb4 0-1

[Event "WchT Blitz Pool D"]
[Site "London"]
[Date "2025.06.14"]
[Round "9.5"]
[White "Saduakassova, Dinara"]
[Black "Gaal, Zsoka"]
[Result "1-0"]
[WhiteElo "2435"]
[BlackElo "2391"]
[PlyCount "129"]
[EventDate "2025.06.14"]
[EventType "team-tourn"]
[EventRounds "13"]
[EventCountry "ENG"]
[SourceTitle "CB25_2025"]
[SourceDate "2025.06.18"]
[SourceVersion "1"]
[SourceVersionDate "2025.06.18"]
[SourceQuality "1"]
[WhiteTeam "Katowice Hetman"]
[BlackTeam "Team Hungary"]
[WhiteTeamCountry "POL"]
[BlackTeamCountry "HUN"]

1. d4 Nf6 2. Nf3 e6 3. Bf4 b6 4. e3 Bb7 5. h3 Bd6 6. Bxd6 cxd6 7. Bd3 0-0 8. Nbd2 d5 9. 0-0 Nc6 10. c3 d6 11. e4 dxe4 12. Nxe4 Nxe4 13. Bxe4 Na5 14. Bxb7 Nxb7 15. Qd3 Qf6 16. Rfe1 h6 17. c4 Rac8 18. b3 Na5 19. Qe4 Rfd8 20. d5 e5 21. Nd2 Qg5 22. Qe3 Qg6 23. Rac1 f5 24. f4 e4 25. Qd4 Rf8 26. Nf1 Qf6 27. Qxf6 Rxf6 28. Ne3 g6 29. Kf2 Rf7 30. Ke2 Rfc7 31. Kd2 a6 32. Rc2 Kf7 33. Rec1 Nb7 34. b4 a5 35. a3 Ra8 36. Rb2 axb4 37. axb4 Ra3 38. Rc3 Ra1 39. Rc1 Ra3 40. Rc3 Ra1 41. Rc1 Ra3 42. Rc3 Ra1 43. Rc1 Rxc1 44. Kxc1 Kf6 45. Kd2 g5 46. g3 gxf4 47. gxf4 Rg7 48. Ra2 Rg3 49. Ra6 Rxh3 50. Rxb6 Nd8 51. Rxd6+ Ke7 52. Nxf5+ Kf7 53. Rxd8 Rd3+ 54. Ke2 h5 55. d6 Ke6 56. Ne3 h4 57. c5 h3 58. Rh8 Rb3 59. Rxh3 Rb2+ 60. Kf1 Rb3 61. Rh6+ Kd7 62. Nd5 e3 63. Ke2 Kc6 64. Nxe3 Rxb4 65. Kf3 1-0

[Event "WchT Blitz Pool D"]
[Site "London"]
[Date "2025.06.14"]
[Round "2.5"]
[White "Uuriintuya, Uurtsaikh"]
[Black "Gaal, Zsoka"]
[Result "1-0"]
[WhiteElo "2141"]
[BlackElo "2391"]
[PlyCount "123"]
[EventDate "2025.06.14"]
[EventType "team-tourn"]
[EventRounds "13"]
[EventCountry "ENG"]
[SourceTitle "CB25_2025"]
[SourceDate "2025.06.18"]
[SourceVersion "1"]
[SourceVersionDate "2025.06.18"]
[SourceQuality "1"]
[WhiteTeam "Mongolia"]
[BlackTeam "Team Hungary"]
[WhiteTeamCountry "MGL"]
[BlackTeamCountry "HUN"]

1. e4 c6 2. c4 d5 3. cxd5 cxd5 4. exd5 Nf6 5. Nc3 Nxd5 6. Nf3 Nc6 7. Bb5 Nc7 8. Bc4 e6 9. 0-0 Be7 10. d4 0-0 11. Re1 Bf6 12. Be3 a6 13. Ne4 Be7 14. a3 b5 15. Bd3 Nd5 16. Bc2 Bb7 17. Neg5 g6 18. h4 Bf6 19. Ne4 Bg7 20. h5 Nxe3 21. fxe3 Ne7 22. Nc5 Bc6 23. Ne5 Bd5 24. h6 Bxe5 25. dxe5 Nc6 26. e4 Qb6 27. b4 Bc4 28. Kh1 Qd8 29. Nd7 Qh4+ 30. Kg1 Rfd8 31. Nf6+ Kh8 32. Qg4 Qxg4 33. Nxg4 Rd2 34. Rac1 Rad8 35. Re3 Be2 36. Nf2 Nxe5 37. Bb3 Nc4 38. Bxc4 Bxc4 39. a4 Ra2 40. axb5 axb5 41. Rf3 f5 42. exf5 exf5 43. Re1 Rda8 44. Rfe3 Kg8 45. Re7 Bf7 46. Nd3 Ra1 47. Rxa1 Rxa1+ 48. Kf2 Ra2+ 49. Ke3 Ra8 50. Rb7 Bc4 51. Rg7+ Kh8 52. Ne5 Re8 53. Kf4 Rd8 54. Rc7 Rd4+ 55. Kg5 Rd8 56. Kf6 Bg8 57. Rb7 Rf8+ 58. Kg5 Re8 59. Kf4 Bc4 60. Nd7 Re4+ 61. Kg5 Re8 62. Nf6 1-0

[Event "WchT Rapid"]
[Site "London"]
[Date "2025.06.13"]
[Round "9.5"]
[White "Gaal, Zsoka"]
[Black "Tsatsalashvili, Ketevan"]
[Result "1-0"]
[WhiteElo "2218"]
[BlackElo "2254"]
[PlyCount "123"]
[EventDate "2025.06.11"]
[EventType "team-swiss"]
[EventRounds "12"]
[EventCountry "ENG"]
[SourceTitle "CB25_2025"]
[SourceDate "2025.06.18"]
[SourceVersion "1"]
[SourceVersionDate "2025.06.18"]
[SourceQuality "1"]
[WhiteTeam "Team Hungary"]
[BlackTeam "Katowice Hetman"]
[WhiteTeamCountry "HUN"]
[BlackTeamCountry "POL"]

1. d4 Nf6 2. c4 e6 3. Nc3 Bb4 4. e3 c5 5. Nge2 d6 6. a3 Ba5 7. g3 0-0 8. Bg2 Qe7 9. 0-0 Nbd7 10. b3 Rb8 11. Bb2 a6 12. Qd3 Rd8 13. Rfd1 h6 14. Rab1 Nf8 15. Ba1 b5 16. cxb5 axb5 17. Nxb5 Ba6 18. a4 Qe8 19. Nec3 Bxc3 20. Bxc3 cxd4 21. Bxd4 e5 22. Ba7 Bxb5 23. axb5 Rxb5 24. Rdc1 d5 25. b4 Ne6 26. Bf1 Rb7 27. Qa6 Qe7 28. Bb6 Rdb8 29. Ba5 Ng5 30. Qe2 e4 31. Bg2 Nd7 32. h4 Ne6 33. Qd2 Nf6 34. Bf1 g5 35. hxg5 Nxg5 36. Bg2 Qd7 37. Qe2 Qf5 38. b5 Nf3+ 39. Bxf3 exf3 40. Qf1 Qh5 41. Rb4 Ng4 42. Rxg4+ Qxg4 43. Bc7 Rc8 44. b6 Qh5 45. Rc6 Re8 46. Rd6 Re7 47. Rd8+ Kh7 48. Qd3+ Re4 49. Rxd5 Qg6 50. Rd7 Qe6 51. Rxf7+ Kg8 52. Rxf3 Kg7 53. Qd8 Qe8 54. Qf6+ Kg8 55. Qf5 Re6 56. Rf4 Kh8 57. Qd5 Qc6 58. Qd8+ Re8 59. Qd4+ Kg8 60. Rg4+ Kf7 61. Qg7+ Ke6 62. Rg6+ 1-0

[Event "WchT Rapid"]
[Site "London"]
[Date "2025.06.12"]
[Round "7.5"]
[White "Gaal, Zsoka"]
[Black "Lohia, Sohum"]
[Result "1-0"]
[WhiteElo "2218"]
[BlackElo "2097"]
[PlyCount "89"]
[EventDate "2025.06.11"]
[EventType "team-swiss"]
[EventRounds "12"]
[EventCountry "ENG"]
[SourceTitle "CB25_2025"]
[SourceDate "2025.06.18"]
[SourceVersion "1"]
[SourceVersionDate "2025.06.18"]
[SourceQuality "1"]
[WhiteTeam "Team Hungary"]
[BlackTeam "Turkish Airlines Sports"]
[WhiteTeamCountry "HUN"]
[BlackTeamCountry "TUR"]

1. d4 Nf6 2. c4 e6 3. Nc3 Bb4 4. e3 d5 5. a3 Bxc3+ 6. bxc3 c6 7. a4 0-0 8. Ba3 Re8 9. Nf3 b6 10. Bd3 Ba6 11. cxd5 Bxd3 12. Qxd3 cxd5 13. 0-0 Nc6 14. c4 dxc4 15. Qxc4 Qd5 16. Rfc1 Rec8 17. Qa6 h6 18. Ne5 Rc7 19. Qb5 Rac8 20. Qxd5 exd5 21. Bd6 Nxe5 22. Rxc7 Rxc7 23. Bxc7 Nc4 24. Kf1 Kf8 25. Ke2 Ke7 26. f3 Ne8 27. Bb8 a6 28. Rb1 Kd7 29. e4 Kc6 30. Kd3 b5 31. axb5+ axb5 32. exd5+ Kb6 33. Re1 Nf6 34. d6 Kb7 35. Bc7 Nd5 36. Re7 Kc6 37. Rxf7 g5 38. g3 Nb4+ 39. Ke2 Nd5 40. Bb8 Ncb6 41. Kd3 b4 42. Kc2 Nd7 43. Bc7 N5f6 44. Kb3 Kb5 45. Bd8 1-0

[Event "WchT Rapid"]
[Site "London"]
[Date "2025.06.11"]
[Round "1.5"]
[White "Gaal, Zsoka"]
[Black "Hng, Mei En Emmanuelle"]
[Result "1-0"]
[WhiteElo "2218"]
[BlackElo "1994"]
[PlyCount "125"]
[EventDate "2025.06.11"]
[EventType "team-swiss"]
[EventRounds "12"]
[EventCountry "ENG"]
[SourceTitle "CB25_2025"]
[SourceDate "2025.06.18"]
[SourceVersion "1"]
[SourceVersionDate "2025.06.18"]
[SourceQuality "1"]
[WhiteTeam "Team Hungary"]
[BlackTeam "English Knightmares"]
[WhiteTeamCountry "HUN"]
[BlackTeamCountry "ENG"]

1. Nf3 Nf6 2. g3 c6 3. Bg2 d5 4. 0-0 Bf5 5. c4 e6 6. Qb3 Qb6 7. d3 Nbd7 8. cxd5 exd5 9. Qc2 Bc5 10. Nc3 Ng4 11. e4 dxe4 12. dxe4 Be6 13. h3 Ngf6 14. Na4 Qb5 15. Bf4 Be7 16. Nd4 Qh5 17. Nxe6 fxe6 18. Rad1 0-0 19. Qb3 Qf7 20. Qxb7 e5 21. Be3 Nb6 22. Nxb6 axb6 23. a3 Bc5 24. Qxf7+ Rxf7 25. Bxc5 bxc5 26. Rd2 Rb7 27. Rc1 Ra5 28. f3 Rab5 29. Rcc2 Rb3 30. Rxc5 Rxb2 31. Rxb2 Rxb2 32. Rxe5 Nd7 33. Re7 Nb6 34. Bf1 c5 35. Rc7 Rc2 36. Bb5 Kf8 37. a4 Ra2 38. Rxc5 Nxa4 39. Rc8+ Ke7 40. Ra8 Nc3 41. Rxa2 Nxa2 42. Kf2 Nc3 43. Bd3 g5 44. Ke3 Nd1+ 45. Ke2 Nc3+ 46. Kd2 Na4 47. f4 h6 48. Bc2 Nc5 49. Ke3 Kd6 50. e5+ Kd5 51. Bh7 gxf4+ 52. gxf4 Ke6 53. Bg8+ Kf5 54. Bc4 h5 55. Bd3+ Ke6 56. h4 Kd5 57. Bg6 Ke6 58. Bxh5 Kf5 59. Be2 Ne6 60. Bd3+ Kg4 61. f5 Nf4 62. Be4 Nh5 63. f6 1-0

[Event "WchT Rapid"]
[Site "London"]
[Date "2025.06.11"]
[Round "4.5"]
[White "Gaal, Zsoka"]
[Black "Nurgaliyeva, Zarina"]
[Result "1-0"]
[WhiteElo "2218"]
[BlackElo "2081"]
[PlyCount "61"]
[EventDate "2025.06.11"]
[EventType "team-swiss"]
[EventRounds "12"]
[EventCountry "ENG"]
[SourceTitle "CB25_2025"]
[SourceDate "2025.06.18"]
[SourceVersion "1"]
[SourceVersionDate "2025.06.18"]
[SourceQuality "1"]
[WhiteTeam "Team Hungary"]
[BlackTeam "Rookies"]
[WhiteTeamCountry "HUN"]
[BlackTeamCountry "KAZ"]

1. d4 Nf6 2. c4 e6 3. Nc3 Bb4 4. e3 Nc6 5. Nge2 d5 6. a3 Be7 7. cxd5 exd5 8. Nf4 Nb8 9. Bd3 c6 10. 0-0 0-0 11. Bd2 Re8 12. Kh1 Nbd7 13. f3 Nf8 14. Be1 Bd6 15. Qd2 Be6 16. Bh4 h6 17. Bc2 Bd7 18. Nfe2 Ng6 19. Bxg6 fxg6 20. e4 g5 21. Bg3 Bxg3 22. Nxg3 Be6 23. e5 Nd7 24. Nce2 c5 25. f4 cxd4 26. f5 Nxe5 27. fxe6 d3 28. Nd4 Qb6 29. Ngf5 g6 30. Nxh6+ Kg7 31. Qxg5 1-0

[Event "Dubai op-A 25th"]
[Site "Dubai"]
[Date "2025.06.03"]
[Round "8"]
[White "Ghimpu, Samuel Timotei"]
[Black "Gaal, Zsoka"]
[Result "1-0"]
[WhiteElo "2421"]
[BlackElo "2395"]
[PlyCount "63"]
[EventDate "2025.05.27"]
[EventType "swiss"]
[EventRounds "9"]
[EventCountry "UAE"]
[SourceTitle "CB23_2025"]
[SourceDate "2025.06.04"]
[SourceVersion "1"]
[SourceVersionDate "2025.06.04"]
[SourceQuality "1"]

1. d4 e6 2. c4 b6 3. e4 Bb4+ 4. Nc3 Bb7 5. Qc2 Qh4 6. Bd3 f5 7. Kf1 Bxc3 8. Nf3 Qh5 9. bxc3 Ne7 10. Ba3 d6 11. Re1 0-0 12. c5 dxc5 13. dxc5 fxe4 14. Bxe4 Bxe4 15. Qxe4 Nbc6 16. cxb6 Qb5+ 17. Kg1 e5 18. Bxe7 Nxe7 19. bxc7 Rac8 20. Ng5 Ng6 21. h4 Rxc7 22. Nxh7 Rf4 23. Qxg6 Qc5 24. Rf1 Rc6 25. Qc2 e4 26. Ng5 e3 27. Qh7+ Kf8 28. Qh8+ Ke7 29. Qxg7+ Kd8 30. Rd1+ Kc8 31. Qd7+ Kb8 32. Qe8+ 1-0

[Event "Dubai op-A 25th"]
[Site "Dubai"]
[Date "2025.06.02"]
[Round "7"]
[White "Gaal, Zsoka"]
[Black "Goutham Krishna, H."]
[Result "1-0"]
[WhiteElo "2395"]
[BlackElo "2427"]
[PlyCount "139"]
[EventDate "2025.05.27"]
[EventType "swiss"]
[EventRounds "9"]
[EventCountry "UAE"]
[SourceTitle "CB23_2025"]
[SourceDate "2025.06.04"]
[SourceVersion "1"]
[SourceVersionDate "2025.06.04"]
[SourceQuality "1"]

1. d4 Nf6 2. Nf3 g6 3. g3 Bg7 4. Bg2 0-0 5. 0-0 d6 6. Re1 Nbd7 7. e4 e5 8. Nc3 b6 9. a4 a5 10. b3 Bb7 11. dxe5 dxe5 12. Ba3 Re8 13. Nd2 Ba6 14. Nb5 Bf8 15. Bf1 Nc5 16. Bb2 c6 17. Nc3 Qc7 18. Qf3 Nfd7 19. Bxa6 Nxa6 20. Nc4 Nb4 21. Re2 Nc5 22. Na2 Rad8 23. Nxb4 axb4 24. Ree1 Kg7 25. a5 b5 26. Ne3 f6 27. h4 Qf7 28. h5 Ne6 29. Ng4 gxh5 30. Ne3 Bc5 31. Nf5+ Kh8 32. Red1 h4 33. Nxh4 Bd4 34. Rab1 Bxb2 35. Rxd8 Rxd8 36. Rxb2 Nd4 37. Qe3 Qh5 38. Kg2 Rg8 39. Nf5 Ne6 40. Rb1 Nf4+ 41. Kg1 Ne2+ 42. Kg2 Nf4+ 43. Kg1 Qh3 44. Qf3 Ne6 45. Ne7 Rf8 46. Nxc6 f5 47. Nxe5 f4 48. Qh1 Qxh1+ 49. Kxh1 fxg3 50. fxg3 Nd4 51. a6 Ra8 52. Rd1 Ne6 53. Ra1 Nd4 54. a7 Nxc2 55. Ra6 Nd4 56. Nd7 Nxb3 57. Nb6 Nc5 58. Ra1 Rxa7 59. Rxa7 b3 60. Ra1 Nxe4 61. Rb1 Nd2 62. Rb2 Nc4 63. Nxc4 bxc4 64. Kg2 Kg7 65. Kf3 Kf6 66. Ke4 Kg5 67. Kd4 Kg4 68. Kxc4 Kxg3 69. Rxb3+ Kg4 70. Kd3 1-0

[Event "Titled Tuesday intern op 25th Mar Early"]
[Site "Chess.com INT"]
[Date "2025.03.25"]
[Round "1"]
[White "Aradhya, Garg"]
[Black "Gaal, Zsoka"]
[Result "1-0"]
[WhiteElo "2359"]
[BlackElo "2404"]
[PlyCount "59"]
[EventDate "2025.03.25"]
[EventType "swiss (blitz)"]
[EventRounds "11"]
[EventCountry "USA"]
[SourceTitle "CB14_2025"]
[SourceDate "2024.11.01"]
[SourceVersion "1"]
[SourceVersionDate "2024.11.01"]
[SourceQuality "1"]

1. d4 g6 2. Nf3 Nf6 3. g3 Bg7 4. Bg2 0-0 5. 0-0 b6 6. Ne5 c6 7. c4 Qc7 8. Bf4 d6 9. Nd3 Nh5 10. Be3 e5 11. dxe5 dxe5 12. Nc3 Be6 13. c5 Nd7 14. Rc1 b5 15. a4 a6 16. Nb4 Nb8 17. Qd6 Rc8 18. Rfd1 Bf8 19. Qxc7 Rxc7 20. Rd8 Bc8 21. axb5 axb5 22. Nxb5 Rb7 23. Rxc8 Rxb5 24. Nxc6 Kg7 25. Nxb8 Raxb8 26. Rxb8 Rxb8 27. c6 Bd6 28. c7 Rc8 29. Bb6 Nf6 30. Bb7 1-0

[Event "Titled Tuesday intern op 25th Mar Early"]
[Site "Chess.com INT"]
[Date "2025.03.25"]
[Round "6"]
[White "Gaal, Zsoka"]
[Black "Svetlov, Dmitry"]
[Result "1-0"]
[WhiteElo "2404"]
[BlackElo "2335"]
[PlyCount "83"]
[EventDate "2025.03.25"]
[EventType "swiss (blitz)"]
[EventRounds "11"]
[EventCountry "USA"]
[SourceTitle "CB14_2025"]
[SourceDate "2024.11.01"]
[SourceVersion "1"]
[SourceVersionDate "2024.11.01"]
[SourceQuality "1"]

1. b3 e5 2. Bb2 Nc6 3. g3 d5 4. Bg2 Nf6 5. d3 Be6 6. Nd2 Bd6 7. e3 0-0 8. Ne2 a5 9. a3 Qd7 10. c4 Rad8 11. 0-0 Be7 12. Qc2 Bh3 13. Nf3 Bxg2 14. Kxg2 e4 15. dxe4 dxe4 16. Nfd4 Nxd4 17. Bxd4 c5 18. Bxf6 Bxf6 19. Rad1 Qg4 20. Nf4 Qf3+ 21. Kg1 h5 22. Qe2 Qxe2 23. Nxe2 g5 24. Kg2 Bb2 25. a4 Rd3 26. h4 f6 27. Rh1 Rfd8 28. Rb1 Rxb3 29. hxg5 fxg5 30. Rxh5 Rd2 31. Rxg5+ Kf7 32. Nf4 Rc3 33. Rxc5 Rcc2 34. Rf5+ Kg7 35. Ne6+ Kg6 36. Rf4 Re2 37. Nf8+ Kg7 38. Ne6+ Kg6 39. Nc5 Be5 40. Rf8 Kg7 41. Ne6+ Kg6 42. Rxb7 1-0

[Event "Titled Tuesday intern op 25th Mar Early"]
[Site "Chess.com INT"]
[Date "2025.03.25"]
[Round "9"]
[White "Yang, Kaiqi"]
[Black "Gaal, Zsoka"]
[Result "0-1"]
[WhiteElo "2481"]
[BlackElo "2404"]
[PlyCount "84"]
[EventDate "2025.03.25"]
[EventType "swiss (blitz)"]
[EventRounds "11"]
[EventCountry "USA"]
[SourceTitle "CB14_2025"]
[SourceDate "2024.11.01"]
[SourceVersion "1"]
[SourceVersionDate "2024.11.01"]
[SourceQuality "1"]

1. c4 g6 2. g3 Bg7 3. Bg2 e6 4. Nc3 Ne7 5. e4 c5 6. Nge2 Nbc6 7. 0-0 0-0 8. d3 b6 9. Be3 Bb7 10. d4 cxd4 11. Nxd4 Na5 12. b3 d5 13. cxd5 exd5 14. Rc1 dxe4 15. Nxe4 Nd5 16. Bg5 Qd7 17. Qd2 Rac8 18. Bh6 Rfd8 19. Bxg7 Kxg7 20. Rxc8 Rxc8 21. Nb5 Qxb5 22. Nd6 Qb4 23. Qxb4 Nxb4 24. Nxc8 Bxc8 25. a3 Nd3 26. Bd5 Bf5 27. b4 Ne5 28. bxa5 bxa5 29. f4 Nd3 30. Rd1 h5 31. Bc4 Nc5 32. Rd5 Ne4 33. Rxa5 h4 34. Rxa7 hxg3 35. Rxf7+ Kh6 36. hxg3 Nxg3 37. a4 Nh5 38. a5 Nxf4 39. a6 Nh3+ 40. Kh2 Ng5 41. a7 Be4 42. Rf4 Bb7 0-1

[Event "Titled Tuesday intern op 18th Mar Late"]
[Site "Chess.com INT"]
[Date "2025.03.18"]
[Round "8"]
[White "Gaal, Zsoka"]
[Black "Jodar Arias, Marlon"]
[Result "0-1"]
[WhiteElo "2404"]
[BlackElo "2195"]
[PlyCount "84"]
[EventDate "2025.03.18"]
[EventType "swiss (blitz)"]
[EventRounds "11"]
[EventCountry "USA"]
[SourceTitle "CB13_2025"]
[SourceDate "2025.03.26"]
[SourceVersion "1"]
[SourceVersionDate "2025.03.26"]
[SourceQuality "1"]

1. d4 Nf6 2. Nf3 g6 3. Bf4 Bg7 4. e3 0-0 5. Be2 d5 6. h3 c5 7. 0-0 b6 8. a4 Nc6 9. c3 Bb7 10. Nbd2 Qc8 11. Ne5 Nxe5 12. Bxe5 Ba6 13. a5 Bxe2 14. Qxe2 c4 15. Qf3 Qc6 16. Ra2 b5 17. a6 Ne4 18. Nxe4 Bxe5 19. Nc5 Bd6 20. Nb7 e6 21. Ra5 Bc7 22. Ra2 Rae8 23. Re1 f5 24. Qe2 e5 25. dxe5 Rxe5 26. Qd2 Rfe8 27. Raa1 Bb6 28. Rad1 Qe6 29. Rf1 Rxe3 30. Qxd5 Re2 31. Nd6 Qxd5 32. Rxd5 Rd8 33. Rfd1 Rxf2 34. Kh1 Rxb2 35. Nxb5 Rxd5 36. Rxd5 Rb3 37. Nd6 Rxc3 38. Nc8 Bf2 39. Rd7 f4 40. Ne7+ Kf8 41. Nd5 Rc1+ 42. Kh2 Bg3# 0-1

[Event "Titled Tuesday intern op 11th Mar Late"]
[Site "Chess.com INT"]
[Date "2025.03.11"]
[Round "6"]
[White "Adewumi, Tanitoluwa"]
[Black "Gaal, Zsoka"]
[Result "1-0"]
[WhiteElo "2362"]
[BlackElo "2404"]
[PlyCount "67"]
[EventDate "2025.03.11"]
[EventType "swiss (blitz)"]
[EventRounds "11"]
[EventCountry "USA"]
[SourceTitle "CB12_2025"]
[SourceDate "2025.03.19"]
[SourceVersion "1"]
[SourceVersionDate "2025.03.19"]
[SourceQuality "1"]

1. e4 g6 2. d4 Bg7 3. Nc3 c6 4. f4 d5 5. e5 h5 6. h3 Bf5 7. Be3 e6 8. Be2 h4 9. Qd2 Ne7 10. Nf3 Nd7 11. Bf2 Nc8 12. 0-0 a6 13. b3 Qe7 14. a3 c5 15. dxc5 Nxc5 16. Rad1 Na7 17. b4 Ne4 18. Nxe4 Bxe4 19. Ng5 Rc8 20. Nxe4 dxe4 21. Bxa7 0-0 22. Bc5 Rxc5 23. bxc5 Qxc5+ 24. Qd4 Qxc2 25. Rd2 Qb3 26. Qxe4 Rc8 27. Rfd1 Bf8 28. Qf3 Qb6+ 29. Kh2 Kg7 30. Rd7 Rc2 31. Rxb7 Qc5 32. Bd3 Ra2 33. Qg4 Qf2 34. Qxg6+ 1-0

[Event "Titled Tuesday intern op 11th Mar Early"]
[Site "Chess.com INT"]
[Date "2025.03.11"]
[Round "9"]
[White "Gaal, Zsoka"]
[Black "Kjaergaard Jensen, Jesper"]
[Result "1-0"]
[WhiteElo "2404"]
[BlackElo "2081"]
[PlyCount "47"]
[EventDate "2025.03.11"]
[EventType "swiss (blitz)"]
[EventRounds "11"]
[EventCountry "USA"]
[SourceTitle "CB12_2025"]
[SourceDate "2025.03.19"]
[SourceVersion "1"]
[SourceVersionDate "2025.03.19"]
[SourceQuality "1"]

1. Nf3 Nf6 2. d4 d5 3. Bf4 c6 4. c3 Qb6 5. Qb3 Nbd7 6. Nbd2 c5 7. dxc5 Qxc5 8. e3 a6 9. Be2 g6 10. 0-0 Bg7 11. c4 dxc4 12. Nxc4 b5 13. Na5 e5 14. Rac1 Qb6 15. Nxe5 Nxe5 16. Bxe5 Qxa5 17. Bf3 Be6 18. Bc6+ Kf8 19. Bd6+ Kg8 20. Bxa8 Bxb3 21. Rc8+ Bf8 22. Bxf8 Be6 23. Bb4+ Bxc8 24. Bxa5 1-0

[Event "Titled Tuesday intern op 11th Mar Early"]
[Site "Chess.com INT"]
[Date "2025.03.11"]
[Round "5"]
[White "Gaal, Zsoka"]
[Black "Osmonbekov, Talaibek D"]
[Result "1-0"]
[WhiteElo "2404"]
[BlackElo "2129"]
[PlyCount "87"]
[EventDate "2025.03.11"]
[EventType "swiss (blitz)"]
[EventRounds "11"]
[EventCountry "USA"]
[SourceTitle "CB12_2025"]
[SourceDate "2025.03.19"]
[SourceVersion "1"]
[SourceVersionDate "2025.03.19"]
[SourceQuality "1"]

1. d4 e6 2. Nf3 f5 3. c3 Nf6 4. Bf4 g6 5. e3 Bg7 6. Nbd2 0-0 7. Bd3 d6 8. h3 Nc6 9. 0-0 e5 10. dxe5 dxe5 11. Bc4+ Kh8 12. Nxe5 Nxe5 13. Bxe5 Qe7 14. Nf3 b6 15. Bh2 Bb7 16. Nd4 Rad8 17. Qc2 Nd5 18. Rad1 c5 19. Nf3 Nf6 20. Rxd8 Rxd8 21. Rd1 Ne4 22. Rxd8+ Qxd8 23. Qd3 Qxd3 24. Bxd3 Kg8 25. Ne5 Kf8 26. f3 Nd6 27. Nxg6+ hxg6 28. Bxd6+ Kf7 29. Bc4+ Ke8 30. Kf2 Kd7 31. Bf4 a6 32. g4 fxg4 33. hxg4 b5 34. Bd3 b4 35. Bxg6 bxc3 36. bxc3 Bxc3 37. Bf5+ Ke7 38. g5 Bd5 39. a3 Bb2 40. e4 Bg8 41. g6 c4 42. Bg5+ Kf8 43. f4 c3 44. e5 1-0

[Event "Titled Tuesday intern op 11th Mar Late"]
[Site "Chess.com INT"]
[Date "2025.03.11"]
[Round "5"]
[White "Gaal, Zsoka"]
[Black "Wu, Derek"]
[Result "0-1"]
[WhiteElo "2404"]
[BlackElo "2232"]
[PlyCount "84"]
[EventDate "2025.03.11"]
[EventType "swiss (blitz)"]
[EventRounds "11"]
[EventCountry "USA"]
[SourceTitle "CB12_2025"]
[SourceDate "2025.03.19"]
[SourceVersion "1"]
[SourceVersionDate "2025.03.19"]
[SourceQuality "1"]

1. g3 d5 2. Bg2 c6 3. e3 Nf6 4. Ne2 h5 5. h3 e5 6. b3 Bd6 7. Bb2 Qe7 8. d3 Nbd7 9. Nd2 Nf8 10. c4 Be6 11. a3 a5 12. Nf3 Ng6 13. Ng5 Bd7 14. Qc2 h4 15. Nf3 hxg3 16. Nxg3 e4 17. dxe4 dxe4 18. Nd2 Nh4 19. Bxe4 0-0-0 20. Nf5 Bxf5 21. Bxf5+ Kb8 22. 0-0-0 Bxa3 23. Bd3 Bxb2+ 24. Kxb2 a4 25. bxa4 Qb4+ 26. Qb3 Qc5 27. Ne4 Nxe4 28. Bxe4 Qe5+ 29. Ka2 Qxe4 30. Rb1 Rd2+ 31. Ka3 Qe7+ 32. Qb4 Qxb4+ 33. Rxb4 Rc8 34. Rhb1 Rc7 35. a5 Ka7 36. c5 Nf5 37. a6 bxa6 38. Rb8 Rxf2 39. Rf8 Nxe3 40. Rbb8 Nc4+ 41. Kb3 Rb2+ 42. Kxc4 Rxb8 0-1